Normal view MARC view
  • Urdu Literature- Gilgit Baltistan

Entry Topical Term

Number of records used in: 4

001 - CONTROL NUMBER

  • control field: 5327

003 - CONTROL NUMBER IDENTIFIER

  • control field: NUST

005 - DATE AND TIME OF LATEST TRANSACTION

  • control field: 20171010133456.0

008 - FIXED-LENGTH DATA ELEMENTS

  • fixed length control field: 171010|| aca||aabn | a|a d

040 ## - CATALOGING SOURCE

  • Original cataloging agency: NUST
  • Transcribing agency: NUST

150 ## - HEADING--TOPICAL TERM

  • Topical term or geographic name entry element: Urdu Literature- Gilgit Baltistan

670 ## - SOURCE DATA FOUND

  • Source citation: Work cat.: (NUST): Gilgit Baltistan ka urdu adab:, 2011
© 2023 Central Library, National University of Sciences and Technology. All Rights Reserved.